000 00293nam a22001337a 4500
008 171016b xxu||||| |||| 00| 0 eng d
020 _a9780324314625
041 _aeng
080 _a33
100 _a52
101 _aEKO
245 _aCONTEMPORARY ECONOMICS
_cCARBAUGH,R.J
942 _2udc
_cBK
999 _c34025
_d34025